000 00453nam a22001577a 4500
008 151110b xxu||||| |||| 00| 0 eng d
020 _a978-93-5115-085-5
082 _aDC 647.94
_bF928
245 _aFront office management/
260 _aUAE:
_b3G Elearning FZ LLC;
_cc2014.
300 _a222 pages;
_c23 cm.
650 0 _9412
_aManagement of public households
650 0 _9413
_aInstitutional housekeeping
365 _b2,495.00
_cPHP.
942 _2ddc
_cDC
999 _c220
_d220